000 00262nam a22001217a 4500
008 181218b xxu||||| |||| 00| 0 eng d
041 _aeng
080 _a510
100 _a39
101 _aMAT
245 _aMathematics Library
_cSwinsen.T.E
942 _2udc
_cBK
999 _c53386
_d53386